000
00320nam a2200133Ia 4500
005
20251222152657.0
008
251222s9999||||xx |||||||||||||| ||spa||
020
_a
84-8298-203-6
082
_a
910.93/N27
245
0
_a
Los secretos de lo desconocido
250
_a
1a.ed.
264
_b
RBA Publicaciones,
942
_c
LIB
999
_c
28670
_d
28670